Инженерная психология

Podrobná bibliografie
Další autoři: Середа Г. К. (редактор)
Jazyk:ruština
Vydáno: Киев, Вища школа, 1976
Témata:
Médium: Kniha
KOHA link:https://koha.lib.tpu.ru/cgi-bin/koha/opac-detail.pl?biblionumber=20714

MARC

LEADER 00000nam0a2200000 4500
001 20714
005 20231030192215.0
035 |a (RuTPU)RU\TPU\book\20903 
035 |a BOOK00005592 
090 |a 20714 
100 |a 20011209d1976 km y0rusy50 ca 
101 0 |a rus 
102 |a UA 
105 |a y z 000zy 
200 1 |a Инженерная психология  |f Под ред. Г. К. Середы 
210 |a Киев  |c Вища школа  |d 1976 
215 |a 307 с. 
610 1 |a психология 
610 1 |a труд 
610 1 |a инженерная психология 
610 1 |a учебные пособия 
686 |a Ю941.2  |v LBC/SL-A  |2 rubbk 
702 1 |a Середа  |b Г. К.  |4 340 
801 0 |a RU  |b 63413507  |c 20011209  |g PSBO 
801 2 |a RU  |b 63413507  |c 20201211  |g PSBO 
942 |c BK